Фазовые переходы и критические явления в конденсированных средах: цикл работ

Bibliographische Detailangaben
1. Verfasser: Камилов И. К. Ибрагимхан Камилович
Zusammenfassung:В книге представлен цикл работ члена-корреспондента РАН Ибрагимхана Камиловича Камилова по физике фазовых переходов, критических и неленейных явлений в конденсированных средах, в частности в спонтанноупорядоченных кристаллах (маг­нетиках, сегнетоэлектриках, манганитах), полупроводниках и жидкостях.Заключительная глава книги посвящена применению представлений физики фазовых переходов к гуманитарным наукам. Книга является вторым томом цикла избранных работ И.К. Камилова.Для научных работников, аспирантов и студентов-физиков старших курсов.
Sprache:Russisch
Veröffentlicht: Махачкала, Наука, 2011
Schlagworte:
Format: MixedMaterials Buch
KOHA link:https://koha.lib.tpu.ru/cgi-bin/koha/opac-detail.pl?biblionumber=283993

MARC

LEADER 00000nam0a2200000 4500
001 283993
005 20231101235642.0
010 |a 9785944341709 
035 |a (RuTPU)RU\TPU\book\308132 
035 |a RU\TPU\book\57786 
090 |a 283993 
100 |a 20150211d2011 k y0rusy50 ca 
101 0 |a rus 
102 |a RU 
105 |a a z 001zy 
200 1 |a Фазовые переходы и критические явления в конденсированных средах: цикл работ  |f И. К. Камилов 
210 |a Махачкала  |c Наука  |d 2011 
215 |a 624 с.  |c ил. 
320 |a Библиография в конце глав. 
330 |a В книге представлен цикл работ члена-корреспондента РАН Ибрагимхана Камиловича Камилова по физике фазовых переходов, критических и неленейных явлений в конденсированных средах, в частности в спонтанноупорядоченных кристаллах (маг­нетиках, сегнетоэлектриках, манганитах), полупроводниках и жидкостях.Заключительная глава книги посвящена применению представлений физики фазовых переходов к гуманитарным наукам. Книга является вторым томом цикла избранных работ И.К. Камилова.Для научных работников, аспирантов и студентов-физиков старших курсов. 
606 1 |a Конденсированные системы  |2 stltpush  |3 (RuTPU)RU\TPU\subj\15333  |9 41585 
610 1 |a физика 
610 1 |a конденсированные среды 
610 1 |a фазовые переходы 
610 1 |a критические явления 
610 1 |a магнетики 
610 1 |a сегнетоэлектрики 
610 1 |a полупроводники 
610 1 |a жидкости 
610 1 |a вычислительная физика 
610 1 |a кинетические явления 
610 1 |a оптические явления 
610 1 |a температура 
610 1 |a неравновесные фазовые переходы 
610 1 |a автосолитоны 
610 1 |a фононы 
675 |a 538.9  |v 3 
700 1 |a Камилов  |b И. К.  |g Ибрагимхан Камилович 
801 1 |a RU  |b 63413507  |c 20030904  |g PSBO 
801 2 |a RU  |b 63413507  |c 20030908  |g PSBO 
801 2 |a RU  |b 63413507  |c 20160507  |g PSBO 
942 |c BK